01173 2200409 4500001002100000005001500021035002000036007000300056020002200059040001700081082001600098084001800114090002200132100002400154245009700178250003300275260005400308300005600362500001100418650002300429650002200452700001200474700001200486850001200498041000800510504003000518008004100548990002200589990001800611990001800629990001800647990002200665990001800687990002200705990001800727990001800745INLIS00000000003573020180801103840 a0010-0618000126ta a978-979-420-802-1 aYOPDYOGbind04223a001.442 a001.442 BUR s aDEP 001.442 BUR s0 aBurhan Nurgiyantoro1 aStatistik terapan untuk penelitian ilmu-ilmu sosial /cBurhan Nurgiyantoro, Gunawan, Marzuki aCetakan kelima, Oktober 20123 aYogyakarta :bGadjah Mada University Press,c2012 axvi, 410 halaman :bilustrasi, tabel, foto ;c21 cm aIndeks 4aPenelitian, Metode 4aStatistik terapan0 aGunawan0 aMarzuki aYOPDYOG0 aind aBibliografi: hlm. 373-374180606s ind  aCB-D.11/2012-2830 a59088-PD/A.18 a59089-PD/A.18 a59089-PD/A.18 aCB-D.11/2012-2830 a59088-PD/A.18 aCB-D.11/2012-2830 a59088-PD/A.18 a59089-PD/A.18